Využitie IP videokonferencie vo vzdelávacom procese a návrh videokonferenčného systému pre Katedru telekomunikácií na STU

E-vzdelávanie pomocou videokonferenčného systému. VRVS (Virtual Room Videokonferencing System), videokonferenčný systém odohrávajúci sa vo virtuálnych miestnostiach. Produkt EVO a realizácia európskeho projektu Physics - Masterclasses. Návrh IP videokonferenčného systému pre KTL.

Na minha lista:
Detalhes bibliográficos
Autor principal: Zolnay, Arnold
Outros Autores: Kavacký, Matej
Formato: Capítulo de Livro
Idioma:eslovaco
Assuntos:
Tags: Adicionar Tag
Sem tags, seja o primeiro a adicionar uma tag!

MARC

LEADER 00000nla$a2200000$$$4500
001 0113528
005 20221128083553.9
041 0 |a slo 
044 |a SK 
245 1 0 |a Využitie IP videokonferencie vo vzdelávacom procese a návrh videokonferenčného systému pre Katedru telekomunikácií na STU  |c Arnold Zolnay, Matej Kavacký 
520 |a E-vzdelávanie pomocou videokonferenčného systému. VRVS (Virtual Room Videokonferencing System), videokonferenčný systém odohrávajúci sa vo virtuálnych miestnostiach. Produkt EVO a realizácia európskeho projektu Physics - Masterclasses. Návrh IP videokonferenčného systému pre KTL. 
610 2 0 |a štúdium vysokoškolské 
610 2 0 |a vzdelávanie elektronické 
610 2 0 |a konferencie elektronické 
610 2 0 |a technológie informačné 
610 2 0 |a technológie komunikačné 
100 1 |a Zolnay, Arnold 
700 1 |a Kavacký, Matej